• 首页
  • 本馆介绍
  • 公告通知
  • 最新文献
  • 馆藏检索
  • 电子资源
  • 读者导购
  • 参考咨询
  • 我的图书馆
  • 登录
  • 详细信息显示
  • 放入我的书架
  • 预约/预借图书
  • 作者相关作品
  • 分类相关作品
  • 丛书相关作品
  • 出版社相关作品

书目信息

  • 表格格式
  • 工作单格式
  • 卡片格式
题名:
趣味推理
    
 
作者: 郭才智 , 秦森 编
分册: A   奇案集
出版信息: 北京   新华出版社  1994
页数: 152页
开本: 20cm
丛书名:
单 册:
中图分类: G898.2
科图分类:
主题词: 文娱性体育活动
电子资源:
ISBN: 7-5011-2237-7
000 00612nam0 2200217 450
001 0651779407
005 20061020142507.35
010    @a7-5011-2237-7@dCNY3.95
100    @a20061020d1994 km y0chiy0120 ea
101 0  @achi
102    @aCN@b110000
200 1  @a趣味推理@Aqu wei tui li@i奇案集@hA@f郭才智,秦森编@Fguo cai zhi,qin sen bian
210    @a北京@c新华出版社@d1994
215    @a152页@d20cm
517 1  @a奇案集@Aqi an ji
606 0  @a文娱性体育活动
690    @aG898.2@v3
701  0 @a郭才智@Aguo cai zhi@4编
701  0 @a秦森@Aqin sen@4编
801  0 @aCN@bPFT@c20061020
905    @a10447@dG898.2@e226:1
    
    趣味推理.奇案集.A/郭才智,秦森编.-北京:新华出版社,1994
    152页;20cm
    
    
    ISBN 7-5011-2237-7:CNY3.95
    
●
相关链接 在E读中查询图书 在五车中查询图书 在当当中查询图书 在豆瓣中查询图书


正题名:趣味推理     索取号:G898.2/226:1         预约/预借

序号 登录号 条形码 馆藏地/架位号 状态 备注
1 0504169   205041694   密集书库/ [索取号:G898.2/226:1] 在馆    
唐山师范学院图书馆 欢迎您!
大连网信软件有限公司© 版权所有